00722nam a2200205Ia 4500003000900000008004100009020001600050040001600066080001300082245010600095260005100201300001400252650004100266650002200307650002200329700002900351942000700380999001500387952011400402IN-BaIIA211028s9999 xx 000 0 eng d a520-01410-3 cIIA Library a524bHER 0aSpectroscopic astrophysicsban assessment of the contributions of Otto Struvecedited by G. H. Herbig aBerkeleybUniversity of California Pressc1970 aix, 462p. aAstronomy and Astrophysics Thesaurus aAstrophysics9794 aOtto Struve96409 aHerbig, G. H., ed.96410 cBK c3614d3614 00104070aBANbBANcGENd1970-11-10g67.50l0o524/ HERp4036r2021-11-05v67.50w1970-11-10yBKGRs. 67.50